| Tag |
First Indicator |
Second Indicator |
Subfields |
| LEADER |
00000cam a2200000 a 4500 |
| 001 |
in00000027029 |
| 005 |
20151007055848.0 |
| 008 |
880112r1988 nyu 00010aeng |
| 010 |
|
|
|a 88000901
|
| 020 |
|
|
|a 0374289255 :
|c $17.95
|
| 035 |
|
|
|a (OCoLC)17412518
|
| 035 |
|
|
|9 AAB9474AM
|
| 040 |
|
|
|a DLC
|c DLC
|d TXA
|d UtOrBLW
|
| 043 |
|
|
|a f-sa---
|
| 049 |
|
|
|a TXAM
|c [A11116120]
|
| 050 |
0 |
0 |
|a PR9369.3.H65
|b Z476 1988
|
| 082 |
0 |
|
|a 823
|a B
|2 19
|
| 100 |
1 |
|
|a Hope, Christopher.
|
| 245 |
1 |
0 |
|a White boy running /
|c Christopher Hope.
|
| 250 |
|
|
|a 1st American ed.
|
| 264 |
|
1 |
|a New York :
|b Farrar Straus Giroux,
|c 1988.
|
| 300 |
|
|
|a 273 pages ;
|c 22 cm.
|
| 336 |
|
|
|a text
|b txt
|2 rdacontent
|
| 337 |
|
|
|a unmediated
|b n
|2 rdamedia
|
| 338 |
|
|
|a volume
|b nc
|2 rdacarrier
|
| 500 |
|
|
|a Reprint. Originally published: London : M. Secker & Warburg, 1988.
|
| 600 |
1 |
0 |
|a Hope, Christopher
|x Travel
|z South Africa.
|
| 650 |
|
0 |
|a Novelists, South African
|y 20th century
|x Biography.
|
| 651 |
|
0 |
|a South Africa
|x Description and travel.
|
| 999 |
|
|
|a MARS
|
| 999 |
f |
f |
|s 6d472165-f494-3796-b3ae-862528273f49
|i 06458588-ed15-30ae-b2ad-df965b7c359d
|t 0
|
| 952 |
f |
f |
|p ric
|a Texas A&M University
|b Rellis Campus
|c Joint Library Facility
|d Remote Storage
|t 0
|e PR9369.3.H65 Z476 1988
|h Library of Congress classification
|i unmediated -- volume
|m A14811116120
|
| 998 |
f |
f |
|a PR9369.3.H65 Z476 1988
|t 0
|l Remote Storage
|